000 00584nam a2200205Ia 4500
003 GCL
008 140319s9999 xx 000 0 ara d
040 _aGCL /
_cGCL
082 0 4 _a150.1933
_bم ح
100 1 _aمطاع صفدى
245 1 0 _aالحب والحضارة /
_cمطاع صفدى
700 1 _aماركوز ، هربرت
260 _aبيروت :
_bدار الاداب ،
_c1970
300 _a326 ص ؛
_c24 سم
490 _a
650 0 4 _aالفلسفة
650 0 4 _aالتحليل النفسى
650 0 4 _aالفلسفة الغربية
942 _2ddc
_cBK
999 _c38413
_d38413